| 000 | 00899nam a2200217 a 4500 | ||
|---|---|---|---|
| 001 | 001114183 | ||
| 003 | AM-YeHGA | ||
| 005 | 20250617151820.0 | ||
| 008 | 151118s1969 ||| r 000 0 rus d | ||
| 040 | _aAM-YeHGA | ||
| 041 | 0 | _arus | |
| 245 | 0 | 0 |
_aМатериалы XXXII научно-технической конференции : _bСекции автоматики и телемеханики и теоретической механики. |
| 260 |
_aСаратов : _bСПИ, _c1969. |
||
| 300 |
_a92 с. : _bил. |
||
| 504 | _aБиблиогр. в конце ст. | ||
| 550 | _aСарат. политехн. ин-т | ||
| 653 | 0 | _aАвтоматика - Тезисы докладов | |
| 653 | 0 | _aТелемеханика - Тезисы докладов | |
| 711 | 2 |
_aНаучно-техническая конференция _n(32; _d1969; _cСаратов) |
|
| 090 | _c360359 | ||
| 999 |
_c358534 _d358534 |
||